Aspects of the Bronze Age in the Atlantic Archipelago and Beyond

محفوظ في:

مؤلفون آخرون: Brandherm, Dirk (المحرر)

التنسيق: كتاب

منشور في: Oxford Archaeopress Publishing Ltd 2025

الوسوم: إضافة وسم

لا توجد وسوم, كن أول من يضع وسما على هذه التسجيلة!

رقم الطلب:

LEADER 00654namaa2200169 4500
001 9781805831297
003 UkOxAP
005 20260405155019.0
020 |a 9781805831303 
776 1 |x 9781805831297 
245 0 0 |a Aspects of the Bronze Age in the Atlantic Archipelago and Beyond 
100 1 |a Brandherm, Dirk  |e Editor  |l English 
856 4 2 |a http://library.arce.org:8087/Archaeopress/Products/9781805831303 
260 |a Oxford  |b Archaeopress Publishing Ltd  |c 2025 
270 |a Archaeopress Publishing Ltd, Summertown Pavillion, 18 -24 Middle Way, Summertown  |b Oxford  |d United Kingdom  |e OX2 7LG  |k 44-1865-311914  |m info@archaeopress.com 
942 |2 lcc  |c EBOOK 
999 |c 62147  |d 62147